[Event "Geneve op"]
[Site "Geneve"]
[Date "1991.??.??"]
[Round "7"]
[White "Gallagher, Joseph G"]
[Black "Hresc, Vladimir"]
[Result "1-0"]
[WhiteElo "2520"]
[BlackElo "2365"]
[PlyCount "41"]
[EventDate "1991.01.??"]
[Source "ChessBase"]

1. e4 e5 2. f4 exf4 3. Nf3 Nc6 4. Nc3 g5 5. h4 g4 6. Ng5 h6 7. Nxf7 Kxf7 8. d4 f3 9. Bc4+ d5 10. Bxd5+ Kg7 11. gxf3 Bb4 12. Be3 Nf6 13. Bc4 Qe7 14. Qe2 gxf3 15. Qxf3 Bg4 16. Rg1 h5 17. e5 Nxe5 18. dxe5 Qxe5 19. O-O-O Bc5 20. Rd7+ Nxd7 21. Qf7# 1-0

[Event "Sofia"]
[Site "?"]
[Date "1979.??.??"]
[Round "1"]
[White "Ioakimidis Georgios"]
[Black "Kolarov Atanas S"]
[Result "0-1"]
[WhiteElo "2315"]
[BlackElo "2430"]
[PlyCount "110"]
[EventDate "1979.??.??"]
[Source "www.chesslib.no"]
[SourceDate "2004.05.04"]

1. e4 e5 2. f4 exf4 3. Nf3 a6 4. Bc4 d6 5. d4 g5 6. g3 Nc6 7. O-O Bg7 8. c3 Bh3 9. gxf4 Bxf1 10. Qxf1 g4 11. Ne1 h5 12. Nd3 Qe7 13. Qg2 Nh6 14. a4 h4 15. Nd2 h3 16. Qe2 Kf8 17. Bd5 Nd8 18. Nf2 c6 19. Ba2 Bf6 20. Nf1 Bh4 21. Be3 Ne6 22. Ng3 Bxg3 23. hxg3 Ng7 24. Kh2 Re8 25. e5 Ngf5 26. Ne4 Ng8 27. Bf2 d5 28. Nc5 b6 29. Nd3 Ngh6 30. b4 Nd6 31. b5 axb5 32. Nb4 Qd7 33. axb5 Ne4 34. Nxc6 f5 35. Be1 Nf7 36. Nb4 Qc7 37. c4 Nd8 38. Nxd5 Qb7 39. Bb4+ Kg7 40. c5 bxc5 41. dxc5 Nxg3 42. Kxg3 h2 43. Kg2 Ne6 44. c6 Qb6 45. Qd3 Rh3 46. Kh1 Rxd3 47. Nxb6 Nxf4 48. Nd5 Nxd5 49. Bxd5 Rxd5 50. Ra7+ Kg6 51. b6 g3 52. Ra1 Rb5 53. Ba5 Rexe5 54. c7 Rec5 55. Rd1 f4 0-1

[Event "Soest op"]
[Site "Soest"]
[Date "1996.??.??"]
[Round "6"]
[White "Jonkman, Harmen"]
[Black "Enklaar, Bertus F"]
[Result "1/2-1/2"]
[WhiteElo "2325"]
[BlackElo "2390"]
[PlyCount "95"]
[EventDate "1996.??.??"]
[Source "www.chesslib.no"]
[SourceDate "2004.05.04"]

1. e4 e5 2. f4 exf4 3. Nf3 Nc6 4. Nc3 g5 5. d4 g4 6. Bc4 gxf3 7. O-O Nxd4 8. Bxf4 Bc5 9. Kh1 Qf6 10. Bg3 Ne7 11. gxf3 d5 12. exd5 Ndf5 13. Bxc7 Qd4 14. Qe2 Ne3 15. Bb5+ Kf8 16. Rg1 a6 17. d6 axb5 18. dxe7+ Bxe7 19. Nxb5 Qc4 20. Qxe3 Qxb5 21. Be5 f6 22. Qh6+ Ke8 23. Bxf6 Qf5 24. Rae1 Be6 25. Bxh8 Qxf3+ 26. Rg2 Bd5 27. Qg5 Qxg2+ 28. Qxg2 Bxg2+ 29. Kxg2 Kd7 30. Bd4 Rxa2 31. Re2 Bd6 32. b3 b5 33. Bf2 b4 34. Bg3 Be7 35. Kf3 Ra6 36. Re4 Rc6 37. Rc4 Rh6 38. Ke4 Rh3 39. Kd5 Rh5+ 40. Kd4 Rh3 41. Kd5 Rh5+ 42. Ke4 Rh3 43. Rc7+ Ke6 44. Bf4 h5 45. Rc6+ Kf7 46. Kf5 Rf3 47. Ke4 Rf2 48. Rc4 1/2-1/2

[Event "corr M.053 IECG"]
[Site "?"]
[Date "1998.??.??"]
[Round "?"]
[White "Vujadinovic, Milan"]
[Black "Simmelink, Joop"]
[Result "1-0"]
[WhiteElo "2255"]
[BlackElo "2420"]
[PlyCount "95"]
[EventDate "1998.??.??"]
[Source "www.chesslib.no"]
[SourceDate "2004.05.04"]

1. e4 e5 2. f4 exf4 3. Nf3 h5 4. Bc4 h4 5. d4 g5 6. O-O d6 7. Nc3 c6 8. Nxg5 Qxg5 9. Bxf7+ Kd8 10. Bxf4 Qg7 11. Bb3 Bg4 12. Qd2 Nd7 13. Rae1 Be7 14. e5 d5 15. Nxd5 cxd5 16. Bxd5 Nb6 17. Bxb7 Rb8 18. Ba6 Nd5 19. Bc4 Nc7 20. c3 Rh5 21. d5 Bc5+ 22. Kh1 h3 23. g3 Qg6 24. b4 Bb6 25. a4 Bf5 26. Qe2 Bg4 27. Qd2 Bf5 28. Be2 Be4+ 29. Bf3 Bxf3+ 30. Rxf3 a5 31. e6 Rf5 32. Bxc7+ Kxc7 33. Qd3 Nh6 34. d6+ Kb7 35. e7 Qf7 36. Rxf5 Nxf5 37. bxa5 Nxd6 38. axb6 Re8 39. a5 Qf2 40. Rg1 Qc5 41. Qf3+ Ka6 42. Rb1 Nb5 43. b7 Qxe7 44. Kg1 Qc5+ 45. Qf2 Qxf2+ 46. Kxf2 Rf8+ 47. Ke1 Rb8 48. c4 1-0

[Event "Hartberg Open"]
[Site "Hartberg AUT"]
[Date "1991.??.??"]
[Round "8"]
[White "Nun, Josef"]
[Black "Insam, Heinz"]
[Result "1/2-1/2"]
[WhiteElo "2370"]
[BlackElo "2250"]
[PlyCount "123"]
[EventDate "1991.07.??"]
[Source "www.chesslib.no"]
[SourceDate "2004.05.04"]

1. e4 e5 2. f4 exf4 3. Nf3 Qe7 4. Nc3 d5 5. Nxd5 Qxe4+ 6. Qe2 Qxe2+ 7. Bxe2 Bd6 8. d4 Ne7 9. Nxf4 Ng6 10. Nxg6 hxg6 11. O-O Bg4 12. h3 Bf5 13. c4 c5 14. Be3 Na6 15. Rad1 Rc8 16. dxc5 Bxc5 17. Bxc5 Rxc5 18. Nd4 O-O 19. Nxf5 gxf5 20. Rd7 Re8 21. Bf3 Nc7 22. Rc1 a5 23. a4 b6 24. Kf2 g5 25. Bh5 Rf8 26. Re1 Ne6 27. b3 Rcc8 28. Rd6 Nc5 29. Bf3 Rfd8 30. Red1 Rxd6 31. Rxd6 Nxb3 32. Bd5 Rc7 33. Rxb6 Nc5 34. Rg6+ Kf8 35. Rxg5 Nxa4 36. Rxf5 Nc3 37. Ke3 Nxd5+ 38. Rxd5 Rxc4 39. Rxa5 Kg7 40. Ra6 Rc1 41. Ra4 Rc3+ 42. Kf4 Kg6 43. h4 Rb3 44. g4 Rb5 45. Re4 Ra5 46. h5+ Kf6 47. Rb4 Ra6 48. g5+ Kg7 49. Rb5 Ra1 50. h6+ Kg6 51. Rb6+ Kh7 52. Rf6 Ra4+ 53. Kf5 Ra5+ 54. Kg4 Ra7 55. Kh5 Rb7 56. Rf4 Ra7 57. Rd4 Rb7 58. Rf4 Ra7 59. Kg4 Kg6 60. Rf6+ Kh7 61. Rd6 Ra1 62. Rf6 1/2-1/2

[Event "Munich Open"]
[Site "Munich GER"]
[Date "1985.??.??"]
[Round "?"]
[White "Fella"]
[Black "Hresc, Vladimir"]
[Result "0-1"]
[WhiteElo "2200"]
[BlackElo "2375"]
[PlyCount "40"]
[EventDate "1985.??.??"]
[Source "www.chesslib.no"]
[SourceDate "2004.05.04"]

1. e4 e5 2. f4 exf4 3. Nf3 g6 4. Bc4 Bg7 5. d4 d6 6. c3 Nc6 7. O-O h6 8. h4 Qe7 9. a4 Nd8 10. Na3 Bg4 11. e5 dxe5 12. dxe5 Ne6 13. Re1 Qc5+ 14. Kf1 Rd8 15. Qe2 a6 16. b4 Qa7 17. Nc2 Ne7 18. Ncd4 Nxd4 19. cxd4 Nf5 20. e6 Ng3+ 0-1

[Event "Midwest Class M/X"]
[Site "United States of America"]
[Date "1993.??.??"]
[Round "5"]
[White "Chow, Albert"]
[Black "Burnett, Kevin"]
[Result "0-1"]
[WhiteElo "2270"]
[BlackElo "2295"]
[PlyCount "66"]
[EventDate "1993.??.??"]
[Source "www.chesslib.no"]
[SourceDate "2004.05.04"]

1. e4 e5 2. f4 exf4 3. Nf3 c5 4. Bc4 Nc6 5. O-O Nf6 6. Nc3 Bd6 7. Nb5 Bb8 8. e5 d5 9. exd6 O-O 10. d3 a6 11. Nc7 Bxc7 12. dxc7 Qxc7 13. Qd2 b5 14. Bb3 Nh5 15. Qf2 Ne7 16. Ng5 c4 17. dxc4 bxc4 18. Ba4 Nd5 19. Qf3 Qc5+ 20. Kh1 g6 21. Ne4 Qc7 22. b3 Bf5 23. Bb2 Ne3 24. Rfc1 Bg4 25. Qf2 Qe7 26. Nd2 Rac8 27. Nxc4 Rxc4 28. bxc4 Qb4 29. Bb3 Rd8 30. c3 Qd6 31. Rg1 Qe5 32. Rae1 Ng3+ 33. hxg3 Qh5# 0-1

[Event "Corr"]
[Site "?"]
[Date "2002.06.15"]
[Round "?"]
[White "Serradimigni Robert (FRA)"]
[Black "Ramos Cortes Ernesto (PER)"]
[Result "1-0"]
[WhiteElo "2375"]
[BlackElo "2165"]
[PlyCount "29"]
[EventDate "2002.??.??"]
[Source "www.chesslib.no"]
[SourceDate "2004.05.04"]

1. e4 e5 2. f4 exf4 3. Nf3 Nc6 4. Nc3 g5 5. h4 g4 6. Ng5 d6 7. d4 h6 8. Nxf7 Kxf7 9. Bxf4 Nf6 10. Bc4+ Kg7 11. Qd2 Nh5 12. O-O-O Bd7 13. Rhf1 Be8 14. Nd5 Ne7 15. Ne3 1-0

[Event "Kecskemet Dutep op"]
[Site "?"]
[Date "1989.??.??"]
[Round "7"]
[White "Milanovic Vojislav"]
[Black "Schebler Gerhard"]
[Result "0-1"]
[WhiteElo "2240"]
[BlackElo "2255"]
[PlyCount "66"]
[EventDate "1989.??.??"]
[Source "www.chesslib.no"]
[SourceDate "2004.05.04"]

1. e4 e5 2. f4 exf4 3. Nf3 Nc6 4. Bc4 g5 5. d4 Bg7 6. h4 h6 7. c3 d6 8. Qd3 Bg4 9. hxg5 Bxf3 10. Qxf3 hxg5 11. Rxh8 Bxh8 12. g3 Nf6 13. gxf4 Qe7 14. fxg5 Nxe4 15. Kd1 Bxd4 16. cxd4 Nxd4 17. Qe3 Nf5 18. Qf4 Neg3 19. Bd3 Qe6 20. Nc3 O-O-O 21. Ne2 Rh8 22. Nxg3 Nxg3 23. Qxg3 Rh3 24. Qf4 Rxd3+ 25. Kc2 Qg6 26. Qf6 Qe4 27. Qf4 Rd2+ 28. Kxd2 Qxf4+ 29. Kd3 Qf1+ 30. Kc2 Qc4+ 31. Kd2 Kd7 32. a4 Qd4+ 33. Ke2 Qe5+ 0-1

[Event "Venice op"]
[Site "Venice"]
[Date "1997.??.??"]
[Round "2"]
[White "De Bortoli, Peter"]
[Black "Ferretti, Folco"]
[Result "1/2-1/2"]
[WhiteElo "2090"]
[BlackElo "2255"]
[PlyCount "135"]
[EventDate "1997.??.??"]
[Source "www.chesslib.no"]
[SourceDate "2004.05.04"]

1. e4 e5 2. f4 exf4 3. Nf3 Nc6 4. d4 d5 5. exd5 Qxd5 6. Be2 Bg4 7. Nc3 Qd7 8. d5 Bxf3 9. gxf3 Nce7 10. Bxf4 Nf6 11. Bb5 c6 12. dxc6 Qxd1+ 13. Rxd1 Nxc6 14. Kd2 O-O-O+ 15. Kc1 Bc5 16. Rxd8+ Rxd8 17. Bf1 Bd6 18. Bxd6 Rxd6 19. Rg1 g6 20. Nb5 Rd8 21. Bc4 a6 22. Nc3 Ne5 23. Bb3 Nh5 24. Ne4 Nf4 25. Rf1 Ne2+ 26. Kb1 f5 27. Nc3 Nxc3+ 28. bxc3 Rd2 29. f4 Ng4 30. h3 Nf6 31. Re1 Rf2 32. Re7 Rxf4 33. Rf7 Ne4 34. Rxh7 Nxc3+ 35. Kb2 Rf3 36. h4 Nd1+ 37. Kc1 Ne3 38. Rg7 Rh3 39. Kd2 Ng4 40. Rxg6 Rh2+ 41. Kc1 Ne3 42. Rf6 Rxh4 43. Be6+ Kd8 44. Rf7 f4 45. Kd2 b5 46. Kd3 Rh6 47. Bb3 Rd6+ 48. Ke4 Rc6 49. Rxf4 Nxc2 50. Kd5 Kc7 51. Re4 a5 52. Re2 Nb4+ 53. Kd4 a4 54. Bf7 Kb6 55. Re6 Rxe6 56. Bxe6 Nc6+ 57. Kc3 Kc5 58. Kb2 Kb4 59. Bf7 Ne5 60. Be8 Nc4+ 61. Kc2 Nd6 62. Bd7 Ka3 63. Kb1 Ne4 64. Be6 b4 65. Bf7 Nc3+ 66. Ka1 Nxa2 67. Bxa2 b3 68. Kb1 1/2-1/2

[Event "TGT 29.01"]
[Site "email"]
[Date "1998.11.01"]
[Round "?"]
[White "Elburg, John (NLD)"]
[Black "Ruggeri Laderchi, Giorgio"]
[Result "0-1"]
[WhiteElo "2330"]
[BlackElo "1990"]
[PlyCount "50"]
[EventDate "1998.11.01"]
[Source "www.chesslib.no"]
[SourceDate "2004.05.04"]

1. e4 e5 2. f4 exf4 3. Nf3 h5 4. d4 g5 5. Bc4 h4 6. O-O d6 7. Nc3 Be6 8. Bxe6 fxe6 9. Qe2 c6 10. d5 e5 11. dxc6 bxc6 12. Qc4 Qe7 13. h3 Nh6 14. Nh2 Qd7 15. b4 g4 16. b5 gxh3 17. bxc6 Nxc6 18. Nd5 Be7 19. gxh3 Rg8+ 20. Kh1 Rc8 21. Ng4 Nd4 22. Ndf6+ Bxf6 23. Nxf6+ Ke7 24. Qd3 Kxf6 25. Bxf4 Ke7 0-1

[Event "TGT 29.01"]
[Site "email"]
[Date "1998.11.01"]
[Round "?"]
[White "Ruggeri Laderchi, Giorgio"]
[Black "Elburg, John (NLD)"]
[Result "1-0"]
[WhiteElo "1990"]
[BlackElo "2330"]
[PlyCount "39"]
[EventDate "1998.11.01"]
[Source "www.chesslib.no"]
[SourceDate "2004.05.04"]

1. e4 e5 2. f4 exf4 3. Nf3 h5 4. d4 g5 5. Bc4 h4 6. O-O d6 7. Nc3 c6 8. Nxg5 Qxg5 9. Bxf4 Qg4 10. Bxf7+ Kd8 11. Qd2 h3 12. g3 Qg7 13. d5 Nh6 14. Be6 Qg6 15. dxc6 Qxe6 16. Bg5+ Ke8 17. Nd5 Na6 18. Qa5 b6 19. Qxa6 Rh7 20. Qe2 1-0

[Event "Ruhrgebiet VK2 9899"]
[Site "?"]
[Date "1999.05.09"]
[Round "9"]
[White "Hermanowski Mark"]
[Black "Georg Heinz"]
[Result "0-1"]
[WhiteElo "2035"]
[BlackElo "2270"]
[PlyCount "54"]
[EventDate "1999.??.??"]
[Source "www.chesslib.no"]
[SourceDate "2004.05.04"]

1. e4 e5 2. f4 exf4 3. Nf3 h5 4. Bc4 h4 5. d4 g5 6. O-O d6 7. Nc3 Bg7 8. Nd5 Bg4 9. Qd3 Bxf3 10. Rxf3 c6 11. Nc3 b5 12. Bb3 Qb6 13. Ne2 Nd7 14. Kh1 c5 15. c4 cxd4 16. cxb5 Ne5 17. Qc2 Ne7 18. Ng1 Rc8 19. Qd1 Nxf3 20. Nxf3 Bf6 21. Qe2 Ng6 22. a4 O-O 23. g3 hxg3 24. hxg3 d3 25. Qxd3 Qf2 26. gxf4 Kg7 27. Nxg5 Bxg5 0-1

[Event "Wagenbach Variation"]
[Site "?"]
[Date "2000.??.??"]
[Round "?"]
[White "Elburg John"]
[Black "Johnsrud Jeffory"]
[Result "0-1"]
[WhiteElo "2235"]
[BlackElo "2050"]
[PlyCount "74"]
[EventDate "2000.??.??"]
[Source "www.chesslib.no"]
[SourceDate "2004.05.04"]

1. e4 e5 2. f4 exf4 3. Nf3 h5 4. Bc4 Ne7 5. Nc3 Ng6 6. d4 Bb4 7. O-O Bxc3 8. bxc3 d6 9. g3 Bg4 10. gxf4 Nh4 11. Be2 Nxf3+ 12. Bxf3 Bxf3 13. Qxf3 Nd7 14. e5 Rb8 15. exd6 cxd6 16. Re1+ Kf8 17. Ba3 Nb6 18. Bb4 Nc4 19. a4 Rh6 20. Qd5 Qc8 21. a5 Qg4+ 22. Kh1 Qxf4 23. Re2 h4 24. Rae1 Kg8 25. h3 Rg6 26. Qh5 Rf8 27. Re8 Rh6 28. Qg4 Qxg4 29. hxg4 g5 30. R8e7 Re6 31. R1xe6 fxe6 32. Rxb7 Rf1+ 33. Kh2 Ne3 34. Bxd6 Nxg4+ 35. Kh3 Ne3 36. Kh2 g4 37. Rxa7 Rf2+ 0-1

[Event "Wagenbach Variation"]
[Site "?"]
[Date "2000.??.??"]
[Round "?"]
[White "Johnsrud Jeffory"]
[Black "Elburg John"]
[Result "1/2-1/2"]
[WhiteElo "2050"]
[BlackElo "2235"]
[PlyCount "54"]
[EventDate "2000.??.??"]
[Source "www.chesslib.no"]
[SourceDate "2004.05.04"]

1. e4 e5 2. f4 exf4 3. Nf3 h5 4. d4 g5 5. Bc4 h4 6. O-O d6 7. h3 Bh6 8. Qd3 c6 9. Nc3 b5 10. Nxb5 g4 11. hxg4 Bxg4 12. Nh2 Be6 13. d5 cxb5 14. dxe6 bxc4 15. Qd5 Qb6+ 16. Kh1 fxe6 17. Qxa8 Nf6 18. Be3 fxe3 19. Rxf6 Ke7 20. Raf1 Rf8 21. Rxf8 Bxf8 22. Nf3 h3 23. Rg1 e2 24. gxh3 Qf2 25. Ne1 Qe3 26. Kg2 Qg5+ 27. Kh2 Qf4+ 1/2-1/2

[Event "CP.2000.P.00065"]
[Site "?"]
[Date "2000.??.??"]
[Round "?"]
[White "Percze Janos"]
[Black "Portune Frank R"]
[Result "1-0"]
[WhiteElo "2240"]
[BlackElo "2020"]
[PlyCount "49"]
[EventDate "2000.??.??"]
[Source "www.chesslib.no"]
[SourceDate "2004.05.04"]

1. e4 e5 2. f4 exf4 3. Nf3 Qe7 4. Nc3 c6 5. d4 g5 6. h4 d5 7. Qe2 g4 8. Ne5 dxe4 9. Nxe4 Bf5 10. Bxf4 Bxe4 11. Qxe4 Nd7 12. Bd3 Ngf6 13. Qf5 Nd5 14. O-O-O Nxf4 15. Qxf4 h5 16. Kb1 Bh6 17. Qf5 Nxe5 18. dxe5 Qe6 19. Qxh5 Kf8 20. Bf5 Qxe5 21. Qxg4 Rg8 22. Qh5 Bg7 23. c3 Rh8 24. Qf3 Re8 25. Rhf1 1-0

[Event "Rubinstein Open, Polanica Zdroj POL"]
[Site "?"]
[Date "2001.??.??"]
[Round "10"]
[White "Kadziolka, A."]
[Black "Rutkowski, M."]
[Result "1/2-1/2"]
[WhiteElo "2110"]
[BlackElo "2120"]
[PlyCount "26"]
[EventDate "2001.??.??"]
[Source "www.chesslib.no"]
[SourceDate "2004.05.04"]

1. f4 e5 2. e4 exf4 3. Nf3 Nc6 4. Bc4 Nf6 5. e5 d5 6. Bb5 Ne4 7. d3 Nc5 8. Bxf4 Ne6 9. Bg3 Be7 10. O-O O-O 11. d4 Ng5 12. Nxg5 Bxg5 13. c3 Be6 1/2-1/2

[Event "Bad Zwesten GER"]
[Site "?"]
[Date "2001.01.05"]
[Round "6"]
[White "Schnabel Michael"]
[Black "Schlichthaar Robert"]
[Result "1-0"]
[WhiteElo "2067"]
[BlackElo "2142"]
[PlyCount "65"]
[EventDate "2001.??.??"]
[Source "www.chesslib.no"]
[SourceDate "2004.05.04"]

1. e4 e5 2. f4 exf4 3. Nf3 Nc6 4. d4 d5 5. exd5 Qxd5 6. Bxf4 Bg4 7. c3 O-O-O 8. Nbd2 Nf6 9. h3 Re8+ 10. Kf2 g5 11. Bh2 Bd7 12. Bc4 Qf5 13. Qb1 g4 14. Qxf5 Bxf5 15. Ne5 Bh6 16. Nf1 gxh3 17. gxh3 Ne4+ 18. Ke1 Nxe5 19. dxe5 f6 20. Ng3 Nxg3 21. Bxg3 fxe5 22. Ke2 Rd8 23. Be1 Bg6 24. Be6+ Kb8 25. Rd1 Rxd1 26. Kxd1 Bd3 27. Rg1 c6 28. Bd2 Bxd2 29. Kxd2 Rd8 30. Ke3 Bg6 31. Rg5 Rd3+ 32. Ke2 Kc7 33. Rxg6 1-0

[Event "Fide Mercenarios 9th"]
[Site "Mexico City MEX"]
[Date "1995.??.??"]
[Round "2"]
[White "Ferriz Carrasquedo, Alfonso"]
[Black "Teran, Armando"]
[Result "1/2-1/2"]
[WhiteElo "2165"]
[BlackElo "2000"]
[PlyCount "86"]
[EventDate "1995.??.??"]
[Source "www.chesslib.no"]
[SourceDate "2004.05.04"]

1. e4 e5 2. f4 exf4 3. Nf3 Nc6 4. d4 d6 5. Bxf4 Bg4 6. Bb5 a6 7. Bxc6+ bxc6 8. O-O Nf6 9. Nbd2 Be7 10. c3 O-O 11. Qc2 Nh5 12. Be3 f5 13. h3 Bxf3 14. Rxf3 f4 15. Bf2 g5 16. Re1 Qd7 17. e5 Ng7 18. Qb3+ d5 19. Qc2 g4 20. hxg4 Qxg4 21. Rh3 Nf5 22. Nf3 Rf7 23. Nh2 Qg6 24. g4 fxg3 25. Bxg3 Rg7 26. Nf1 Qg4 27. Kh2 Nh4 28. Re3 Nf3+ 29. Kg2 Rf8 30. Nh2 Nxh2 31. Kxh2 Bg5 32. Re2 Rf3 33. Rg2 Bf4 34. Qb3 Bxg3+ 35. Rgxg3 Rxg3 36. Qb8+ Kf7 37. Qxc7+ Ke6 38. Qc8+ Ke7 39. Qc7+ Ke6 40. Qc8+ Kf7 41. Qc7+ Ke6 42. Qc8+ Ke7 43. Qc7+ Ke6 1/2-1/2

[Event "Corr"]
[Site "?"]
[Date "2003.05.17"]
[Round "?"]
[White "Cehajic Mustafa"]
[Black "Fiorentino Vincenzo"]
[Result "1-0"]
[WhiteElo "2117"]
[BlackElo "2039"]
[PlyCount "31"]
[EventDate "2003.??.??"]
[Source "www.chesslib.no"]
[SourceDate "2004.05.04"]

1. e4 e5 2. f4 exf4 3. Nf3 Nc6 4. d4 d5 5. exd5 Qxd5 6. Bxf4 Bg4 7. c3 Bxf3 8. Qxf3 Qxf3 9. gxf3 Bd6 10. Bxd6 cxd6 11. Kf2 Nf6 12. Na3 O-O 13. Re1 Rfe8 14. Bh3 Rad8 15. Rxe8+ Rxe8 16. Nb5 1-0

[Event "A/E-H/08"]
[Site "?"]
[Date "2001.??.??"]
[Round "?"]
[White "Dubois Claude"]
[Black "Johnsrud Jeffory"]
[Result "1-0"]
[WhiteElo "1800"]
[BlackElo "2300"]
[PlyCount "45"]
[EventDate "2001.??.??"]
[Source "www.chesslib.no"]
[SourceDate "2004.05.04"]

1. e4 e5 2. f4 exf4 3. Nf3 h5 4. d4 g5 5. Bc4 h4 6. O-O d6 7. Nc3 Bh6 8. e5 Bg4 9. Re1 dxe5 10. Bxf7+ Kf8 11. Bb3 exd4 12. Nxd4 Bxd1 13. Ne6+ Ke7 14. Nxd8+ Kxd8 15. Rxd1+ Ke8 16. Bd2 Nf6 17. Nb5 Rh7 18. Re1+ Kd8 19. Rad1 Nfd7 20. Bc3 Bg7 21. Bf7 Bd4+ 22. Nxd4 Rxf7 23. Ne6+ 1-0

[Event "Under"]
[Site "?"]
[Date "1998.08.30"]
[Round "5"]
[White "Hruska, Alois"]
[Black "Galic, Z."]
[Result "1-0"]
[WhiteElo "2157"]
[BlackElo "1885"]
[PlyCount "39"]
[EventDate "1998.??.??"]
[Source "www.chesslib.no"]
[SourceDate "2004.05.04"]

1. e4 e5 2. f4 exf4 3. Nf3 Nc6 4. Bc4 d6 5. d4 Bg4 6. O-O Nf6 7. Bxf4 d5 8. exd5 Nxd5 9. Qe1+ Be7 10. Ne5 Nxe5 11. Qxe5 Nf6 12. c3 c6 13. Bh6 Kf8 14. Nd2 gxh6 15. Ne4 Kg7 16. Rf4 Be6 17. Bxe6 fxe6 18. Rg4+ Kf7 19. Rf1 Qd5 20. Rxf6+ 1-0

[Event "Bad Homburg"]
[Site "Bad Homburg"]
[Date "1998.06.13"]
[Round "9"]
[White "Gayon, B."]
[Black "Moss, Larry L"]
[Result "1-0"]
[WhiteElo "1995"]
[BlackElo "2045"]
[PlyCount "85"]
[EventDate "1998.07.17"]
[Source "www.chesslib.no"]
[SourceDate "2004.05.04"]

1. e4 e5 2. f4 exf4 3. Nf3 Nc6 4. Bc4 d6 5. d4 Bg4 6. O-O g5 7. c3 Bxf3 8. Qxf3 Na5 9. Bb5+ c6 10. Bd3 d5 11. Nd2 Ne7 12. b4 Nc4 13. Nxc4 dxc4 14. Bxc4 Ng6 15. Bb3 Qd7 16. Qh5 O-O-O 17. Qxg5 Bxb4 18. Bb2 h6 19. Qf5 Bd6 20. Qxf7 Qxf7 21. Bxf7 Nh4 22. e5 Be7 23. Rxf4 Rh7 24. Be6+ Kc7 25. Raf1 Rg7 26. g3 Rg6 27. Bb3 Bg5 28. Rf7+ Kb8 29. gxh4 Bc1+ 30. Kh1 Bxb2 31. Rf8 Kc8 32. R8f3 Rg7 33. h5 Re8 34. Bf7 Re7 35. e6 Kc7 36. Rb1 Ba3 37. c4 Bd6 38. c5 Bxc5 39. dxc5 Rg5 40. Rfb3 Kc8 41. Rxb7 Rxb7 42. Rxb7 Kxb7 43. e7 1-0

[Event "Wagenbach Variation"]
[Site "?"]
[Date "2000.??.??"]
[Round "?"]
[White "Elburg John"]
[Black "Marcotulli Giancarlo"]
[Result "0-1"]
[WhiteElo "2235"]
[BlackElo "1700"]
[PlyCount "76"]
[EventDate "2000.??.??"]
[Source "www.chesslib.no"]
[SourceDate "2004.05.04"]

1. e4 e5 2. f4 exf4 3. Nf3 h5 4. Bc4 Qe7 5. Qe2 g5 6. O-O Bg7 7. c3 d6 8. d4 Bg4 9. Qc2 Nd7 10. Nxg5 Qxg5 11. Rxf4 Bf6 12. Na3 Qg6 13. Nb5 Kd8 14. Bd3 Qg7 15. Kh1 h4 16. Be3 Bh5 17. Re1 Bg5 18. Rff1 Bxe3 19. Rxe3 Ngf6 20. Ree1 Rg8 21. e5 dxe5 22. Qf2 Qg5 23. dxe5 Ng4 24. Qg1 Ngxe5 25. Bf5 Nc6 26. Nd4 Nxd4 27. cxd4 c6 28. Qf2 Rc8 29. Re4 Kc7 30. Rxh4 Rce8 31. d5 cxd5 32. g3 Be2 33. Bxd7 Kxd7 34. Qxf7+ Re7 35. Qf5+ Qxf5 36. Rxf5 Ke6 37. Rf2 Bd3 38. Rhf4 Rc7 0-1

[Event "Wagenbach Variation"]
[Site "?"]
[Date "2000.??.??"]
[Round "?"]
[White "Marcotulli Giancarlo"]
[Black "Elburg John"]
[Result "1/2-1/2"]
[WhiteElo "1700"]
[BlackElo "2235"]
[PlyCount "67"]
[EventDate "2000.??.??"]
[Source "www.chesslib.no"]
[SourceDate "2004.05.04"]

1. e4 e5 2. f4 exf4 3. Nf3 h5 4. Bc4 h4 5. d4 g5 6. O-O d6 7. h3 Bh6 8. Qd3 c6 9. Nc3 Ne7 10. Bb3 O-O 11. Bd2 b6 12. Bc4 d5 13. exd5 cxd5 14. Bb3 Ba6 15. Nb5 Nd7 16. c4 Nf6 17. Bb4 dxc4 18. Bxc4 Nfd5 19. Ba3 Bxb5 20. Bxb5 Ne3 21. Qe4 Nxf1 22. Bxe7 Ng3 23. Qe5 Qc8 24. Bxf8 Qxf8 25. Nxg5 Qg7 26. Qd5 Rc8 27. Nf3 Qf6 28. Ne5 f3 29. Qxf3 Qxf3 30. Nxf3 Rc2 31. b3 Be3+ 32. Kh2 Ne4 33. Re1 Bf4+ 34. Kg1 1/2-1/2

[Event "Juvenil op"]
[Site "?"]
[Date "1997.??.??"]
[Round "2"]
[White "Viladrich Claret, Jordi"]
[Black "Perez, R."]
[Result "1-0"]
[WhiteElo "2065"]
[BlackElo "1865"]
[PlyCount "45"]
[EventDate "1997.??.??"]
[Source "www.chesslib.no"]
[SourceDate "2004.05.04"]

1. e4 e5 2. f4 exf4 3. Nf3 Nc6 4. Bc4 f5 5. e5 d6 6. exd6 Bxd6 7. O-O b6 8. d4 Nge7 9. c3 Na5 10. Bd3 c5 11. Nbd2 O-O 12. Nc4 Nxc4 13. Bxc4+ Kh8 14. Ng5 Qe8 15. Qb3 Qc6 16. Nf7+ Rxf7 17. Bxf7 Bb7 18. d5 Nxd5 19. Bxd5 Qxd5 20. Qxd5 Bxd5 21. Rd1 Bxg2 22. Rxd6 f3 23. Bg5 1-0

[Event "Finkenstein Open"]
[Site "Finkenstein"]
[Date "1995.??.??"]
[Round "1"]
[White "Susnik, Matej"]
[Black "Petek, Primoz"]
[Result "1-0"]
[WhiteElo "2200"]
[BlackElo "1725"]
[PlyCount "71"]
[EventDate "1995.??.??"]
[Source "www.chesslib.no"]
[SourceDate "2004.05.04"]

1. e4 e5 2. f4 exf4 3. Nf3 Nc6 4. d4 d5 5. exd5 Qxd5 6. Nc3 Bb4 7. Be2 Nf6 8. O-O Bxc3 9. bxc3 O-O 10. Bxf4 Qa5 11. c4 h6 12. Ne5 Nxe5 13. Bxe5 Ne4 14. Bd3 Ng5 15. h4 Ne6 16. Qe2 c5 17. Qe4 g6 18. d5 Ng7 19. Qf4 Bf5 20. Qxh6 f6 21. Bxf5 gxf5 22. Bxf6 Rxf6 23. Qxf6 Rf8 24. Qg5 Qc3 25. h5 Kh8 26. h6 Ne8 27. Rae1 Rg8 28. Qe3 Qxc2 29. Qe5+ Kh7 30. Qxf5+ Qxf5 31. Rxf5 Nd6 32. Rf6 Nxc4 33. Re7+ Kh8 34. d6 Rd8 35. d7 Nb6 36. Re8+ 1-0

[Event "San Jose op"]
[Site "San Jose"]
[Date "1998.??.??"]
[Round "6"]
[White "Repolles Bel, Antonio"]
[Black "De la Rosa, A."]
[Result "1-0"]
[WhiteElo "2035"]
[BlackElo "1835"]
[PlyCount "89"]
[EventDate "1998.??.??"]
[Source "www.chesslib.no"]
[SourceDate "2004.05.04"]

1. e4 e5 2. f4 exf4 3. Nf3 Nc6 4. d4 d6 5. Bxf4 Bg4 6. c3 Qe7 7. Bd3 O-O-O 8. O-O Bxf3 9. Qxf3 f6 10. Nd2 g5 11. Be3 Bg7 12. b4 h5 13. b5 Nb8 14. a4 Nh6 15. d5 Ng4 16. Qf5+ Nd7 17. Bxa7 Qe5 18. Qxe5 Ndxe5 19. Be2 b6 20. a5 Kb7 21. axb6 cxb6 22. Ra6 Nd7 23. Nc4 Nge5 24. Nxd6+ Kc7 25. Nf5 Bf8 26. d6+ Kb7 27. Rfa1 Ra8 28. Bxb6 Nxb6 29. Rxb6+ Kxb6 30. Rxa8 Kb7 31. Ra6 Nd7 32. Rc6 Ne5 33. Rc7+ Kb6 34. Rc8 Kb7 35. Re8 Nd7 36. c4 h4 37. Bf3 Kb6 38. Ne7 Bg7 39. Rxh8 Bxh8 40. Bg4 Nc5 41. Nd5+ Ka7 42. d7 Nb7 43. Bf5 Bg7 44. c5 Bf8 45. c6 1-0

[Event "Catalunya-chW LXII"]
[Site "?"]
[Date "2004.08.05"]
[Round "3"]
[White "Fominykh Lyudmila"]
[Black "Capellades Laura"]
[Result "1-0"]
[WhiteElo "2025"]
[BlackElo "1830"]
[PlyCount "27"]
[EventDate "2004.??.??"]
[Source "www.chesslib.no"]
[SourceDate "2004.05.04"]

1. e4 e5 2. f4 exf4 3. Nf3 Nc6 4. Bc4 d6 5. d4 Bg4 6. Bxf4 Nf6 7. Nc3 Nh5 8. Be3 Be7 9. O-O O-O 10. a3 Re8 11. Bxf7+ Kxf7 12. Ng5+ Kg8 13. Qxg4 Nf6 14. Qe6+ 1-0